| 000 | 00340nam a22001457a 4500 | ||
|---|---|---|---|
| 003 | SGT | ||
| 020 | _a9788184005745 | ||
| 082 |
_a070 _bT15J |
||
| 100 | _aJAFFRELOT, CHRISTOPHE | ||
| 245 | _aTHE PAKISTAN PARADOX INSTABILITY AND RESILENCE | ||
| 260 |
_bRANDOM HOUSE INDIA _c2015 |
||
| 300 | _a670 | ||
| 650 | _aJOURNALISM | ||
| 942 |
_2ddc _cBK |
||
| 999 |
_c28693 _d28693 |
||